| 000 | 01305nam a22003735i 4500 | ||
|---|---|---|---|
| 001 | 195925 | ||
| 003 | ES-MaACL | ||
| 005 | 20250821063120.0 | ||
| 008 | 240802s2018 sp 001 u spa d | ||
| 017 | _aB 13520-2016 | ||
| 020 | _a9788499897660 | ||
| 035 | _aRebiun35243441 | ||
| 040 |
_aFTG _bspa _cES-MaACL |
||
| 080 | _a167 | ||
| 100 |
_aFuster, Valentín, _d1943- _9237697 |
||
| 245 | 0 | 3 |
_aLa ciencia y la vida / _cValentín Fuster y José Luis Sampedro con Olga Lucas |
| 250 | _a1. ed., cuarta reimpresión: julio de 2022 | ||
| 260 |
_a[Barcelona] : _bPenguin Random House _c2018 |
||
| 300 |
_a252 p. ; _c19 cm |
||
| 336 |
_2rdacontent _atexto |
||
| 337 |
_2rdamedia _asin mediación |
||
| 338 |
_2rdacarrier _avolumen |
||
| 490 | 1 | _aEnsayo | |
| 650 | 1 | 4 |
_aCiencia- _xFilosofía _910950 |
| 650 | 1 | 0 |
_aCiencia- _xAspectos sociales _9237698 |
| 700 | 1 |
_aSampedro, José Luis, _d1917-2013 _9102185 |
|
| 700 | 1 |
_aLucas, Olga, _d1947- _974536 |
|
| 830 |
_aDeBolsillo Ensayo _9239888 |
||
| 852 |
_aES-MaACL _cDEPOJ _jN-9045 _hDonación: Editorial _xEncuadernación: Rústica _9204907 |
||
| 942 |
_2udc _cMONOGRAFIA _n0 |
||
| 954 | _iTatiana Alejandra de Castro Pérez | ||
| 999 |
_c195925 _d195925 |
||